000 01042nam a2200265Ia 4500
008 130821s2013 sp a gr spa
020 _a9788498354386
040 _aCo-BoUCM
_bspa
_cnuevo
_dAldemar Mondragón (modificó)
041 0 0 _aspa
060 _aWL 102
245 0 0 _aManual de neurofisiología clínica
_cManuel Alegre Esteban ...[y otros autores.] ; coordinadores Jorge Iriarte Franco, Julio Artieda González-Granda
260 _aMadrid (España)
_bEditorial Médica Panamericana
_c2013
300 _axii, 396 páginas
_bilustraciones, gráficas
650 7 _aNeuroanatomía
_920281
650 7 _aNeurobiología
_920282
650 7 _aNeurofisiología
_920293
690 _aNeurología
_920299
700 1 _aAlegre Esteban, Manuel
_938456
700 1 _aArcocha Aguirrezábal, Juan
_938457
700 1 _aArtieda González-Granda, Julio
_938458
700 1 _aArtieda Urrutia, Paula
_938459
700 1 _aCieza Ortiz, Sofia
_938460
700 1 _aIriarte Franco, Jorge
_938461
942 _cLIBRO
_a15
_e1
_mM294
_2NLM
_hWL 102
_n0
999 _c41338
_d41338